000 00485nam a22001817a 4500
003 KOHA_MİRAKIL
005 20251219100916.0
008 251219b tu ||||| |||| 00| 0 tur d
020 _a9786058019652
040 _aTR-AnABB
_btur
_cTR-AnABB
041 _atur
082 _a006.3
_bTEL 2021
245 1 0 _aTeletıp klinik yapay zekâ /
260 _aAnkara :
_bYüksek İhtisas Üniversitesi,
_c2021
300 _a652 sayfa ;
_c24 cm
650 0 4 _aYapay zeka
942 _2ddc
_cBK
999 _c9785
_d9785
900 _bGizem YORULMAZ